Guess the Taylor Swift Song (no hints) 40 - Statistics

General Stats
  • This quiz has been taken 284 times
  • The average score is 272 of 337
Answer Stats
Answer % Correct
I
100%
a
97%
the
97%
The
97%
you
97%
It
94%
it
94%
your
93%
in
92%
me,
91%
me
91%
me)
91%
and
90%
And
90%
I'm
90%
(I'm
90%
you're
90%
be
89%
on
89%
then
89%
When
89%
where
89%
I'll
88%
It's
88%
it's
88%
its
88%
my
87%
never
87%
to
87%
hi,
86%
hi
86%
(hi),
86%
of
86%
(For
85%
for
85%
is
85%
They
85%
this
85%
time)
85%
time,
85%
time
85%
(time),
85%
but
84%
have
83%
there
83%
At
82%
at
82%
problem,
82%
always
81%
One
81%
as
80%
everybody
80%
(everybody
80%
like
80%
Like
80%
old
80%
up
80%
agrees
79%
agrees,
79%
agrees)
79%
All
79%
all
79%
dream
79%
from
79%
get
79%
hear
79%
just
79%
She
79%
tea
79%
(tea)
79%
thing
79%
anti-hero
78%
some
78%
Too
78%
baby
77%
day
77%
last
77%
mirror
77%
must
77%
older
77%
wiser
77%
become
75%
directly
75%
I've
75%
Midnights
75%
not
75%
sun
75%
us
75%
afternoons
74%
left
74%
them
74%
will
74%
dreaming
73%
out,
73%
out
73%
people
73%
stand
73%
stare
73%
wake
73%
depression
72%
exhausting
72%
should
72%
with
72%
Did
71%
feel
71%
hell"
71%
monster
71%
room
71%
rooting
71%
screaming
71%
sexy
71%
watch
71%
hill
70%
money
69%
own
69%
end
68%
got
68%
leaving
68%
'Cause
67%
come
67%
daughter
67%
kills
67%
laughing
67%
"She's
67%
thinks
66%
big
65%
in-law
65%
shift
65%
Sometimes
65%
tired
65%
devices
63%
ghosted
63%
graveyard
63%
hang
63%
(tale
63%
(Tale
63%
works
63%
crisis
62%
life
62%
city
61%
family
61%
favorite
61%
heart,
61%
kind
61%
lose
61%
meaning
61%
scheming
60%
prices
59%
screams
59%
slowly
59%
killed
58%
someone
58%
through
57%
disguise
55%
toward
55%
vices
55%
narcissism
54%
covert
53%
gathers
52%
Pierced
52%
altruism
50%
congressman?
50%
lurching
49%
reads
49%
'round
49%
No matching quizzes found
Score Distribution
Percent of People with Each Score
Percentile by Number Answered
Your Score History
You have not taken this quiz